000 01346nam a2200349 a 4500
001 ebr10110255
003 CaPaEBR
006 m u
007 cr cn|||||||||
008 031211s2003 nyu sb 001 0beng d
010 _z 2003284060
020 _z1403960380 (hbk.)
040 _aCaPaEBR
_cCaPaEBR
035 _a(OCoLC)232157522
043 _ae-au---
050 1 4 _aHB101.H39
_bE24 2003eb
082 0 4 _a330/.092
_aB
_222
100 1 _aEbenstein, Alan O.
245 1 0 _aHayek's journey
_h[electronic resource] :
_bthe mind of Friedrich Hayek /
_cAlan Ebenstein.
250 _a1st Palgrave Macmillan ed.
260 _aNew York :
_bPalgrave Macmillan,
_c2003.
300 _axix, 283 p.
504 _aIncludes bibliographical references (p. [245]- 277) and index.
533 _aElectronic reproduction.
_bPalo Alto, Calif. :
_cebrary,
_d2013.
_nAvailable via World Wide Web.
_nAccess may be limited to ebrary affiliated libraries.
600 1 0 _aHayek, Friedrich A. von
_q(Friedrich August),
_d1899-1992.
650 0 _aEconomists
_zAustria
_vBiography.
650 0 _aEconomics.
650 0 _aAustrian school of economics.
655 7 _aElectronic books.
_2local
710 2 _aebrary, Inc.
856 4 0 _uhttp://site.ebrary.com/lib/rucke/Doc?id=10110255
_zAn electronic book accessible through the World Wide Web; click to view
999 _c211397
_d211397